00459nam a22001577a 4500999001900000003000500019038001100024082001700035100002600052245002900078260004100107300001300148880002700161942001200188952010100200 c528876d528876NUST awaseem a891.439bSAL aSaleem, Nighat915818 aAdbiyat /cNighat Saleem aIslamabad :bAcademy Adbiyat,c2013. a320 p. ; 6245-02\raادبیات 2ddccBK 00102ddc4070aCLbCLcPLITd2019-09-15l0o891.439 SALpCL-E-1061r2019-09-15w2019-09-15yBK